000 00711cam a22002413a 4500
001 21550
003 PGUSA
005 20140828083447.0
008 070521s2007||||xxu|||||s|||||000 1 eng d
040 _aPGUSA
_beng
042 _adc
050 4 _aPR
100 1 _aMarryat, Frederick,
_d1792-1848
245 1 4 _aThe King's Own
_h[electronic resource] /
_cFrederick Marryat
260 _bProject Gutenberg,
_c2007
506 _aPublic domain in the USA.
516 _aElectronic text
653 _aGreat Britain -- History, Naval -- 18th century -- Fiction
653 _aNore Mutiny, 1797 -- Fiction
830 0 _aProject Gutenberg
_v21550
856 4 0 _uhttp://www.gutenberg.org/ebooks/21550
942 _cEB
999 _c250805
_d250805